00918nam a2200265 a 4500001001000000003000900010005001700019007001000036008004100046020002900087020001500116040002200131082001500153245007200168260003900240300002800279490005300307500002200360500008400382505006600466650002100532700002300553700002300576830005300599000036038DO-SdBNP20171110123811.0000036038111124s2001 sp a 001 0 spa d a848236023x (colección) a8482360310 aBPMSUbspacBPMSU 4a750bT255d00aTécnicas básicas de dibujo / ceditor Rachel Wolf, Greg Albert. aBarcelona :bIdea Books,c[1996?]. a121 p. :bil. ;c30 cm.1 aCurso básico de técnicas de dibujo y pintura aIncluye índice. aCurso básico de técnicas de dibujo y pintura (título tomado del estuche )0 gTécnicas básicas de dibujo --rGreg Albert,rRachel Wolf. 4aDIBUJOxTÉNICA12aAlbert, Greg,eed.12aWolf, Rachel,eed. 0aCurso básico de técnicas de dibujo y pintura